000 01273nam0a22002531 4500
001 rc\235381
005 20250621012157.0
035 _a(NLR Aleph) 005497786
090 _a5275157
_c5275157
100 _a20030307d1990 |||y0rusy50 ca
101 0 _arus
102 _aRU
105 _ay |||||||||
200 1 _aМЕТОДИКА проведения входного, текущего и итогового контроля знаний слушателей
_eМетод. разраб.
_fИн-т повышения квалификации руководящих работников и специалистов судостроит. пром-сти
_g[Кандидаты техн. наук, доценты М.И. Назаров, К.В. Дризен]
210 _aЛ.
_cИПКСП
_d1990
215 _a27 с.
_d20
320 _aБиблиогр.: с. 26
702 1 _aНазаров
_bМ.И.
_gМихаил Иванович
_4220
712 0 2 _aИнститут повышения квалификации руководящих работников и специалистов судостроительной промышленности
_cЛенинград
801 0 _aRU
_bNLR
_gpsbo
801 1 _aRU
_bELAR
_2rusmarc
852 _aNLR
_j91-4/5373
942 _cBOOK
980 _aNB